MARC details
| 000 -CABECERA |
| campo de control de longitud fija |
01615nam a2200301 a 4500 |
| 001 - NÚMERO DE CONTROL |
| campo de control |
000028796 |
| 005 - FECHA Y HORA DE LA ÚLTIMA TRANSACCIÓN |
| campo de control |
20250526114442.0 |
| 008 - DATOS DE LONGITUD FIJA--INFORMACIÓN GENERAL |
| campo de control de longitud fija |
101007s2007 dr a 000 0 spa d |
| 020 ## - NÚMERO INTERNACIONAL ESTÁNDAR DEL LIBRO |
| Número Internacional Estándar del Libro |
9789993467427 |
| 040 ## - FUENTE DE LA CATALOGACIÓN |
| Centro catalogador/agencia de origen |
DO-SdBNP |
| Lengua de catalogación |
spa |
| Centro/agencia transcriptor |
BNPHU |
| 082 ## - NÚMERO DE LA CLASIFICACIÓN DECIMAL DEWEY |
| Número de clasificación |
155.937 |
| Número de documento/Ítem |
B828c, 2007 |
| 100 1# - ENTRADA PRINCIPAL--NOMBRE DE PERSONA |
| Nombre de persona |
Brea Franco, Rosa Mariana |
| 9 (RLIN) |
46192 |
| 245 13 - MENCIÓN DE TÍTULO |
| Título |
El duelo : |
| Resto del título |
un camino hacia la transformación / |
| Mención de responsabilidad, etc. |
Rosa Mariana Brea Franco ; prólogo Pedro Pablo Paredes Vallejo. |
| 250 ## - MENCIÓN DE EDICIÓN |
| Mención de edición |
2a ed. |
| 260 ## - PUBLICACIÓN, DISTRIBUCIÓN, ETC. |
| Lugar de publicación, distribución, etc. |
Santo Domingo : |
| Nombre del editor, distribuidor, etc. |
Amigo del Hogar, |
| Fecha de publicación, distribución, etc. |
2007. |
| 300 ## - DESCRIPCIÓN FÍSICA |
| Extensión |
330 p. ; |
| Dimensiones |
26 cm. |
| 500 ## - NOTA GENERAL |
| Nota general |
La biblioteca posee la reimpresión de la 2a. edición de 2007 |
| 500 ## - NOTA GENERAL |
| Nota general |
Incluye datos biográficos de la autora en las solapas |
| 504 ## - NOTA DE BIBLIOGRAFÍA, ETC. |
| Nota de bibliografía, etc. |
Bibliografía : p. 327-330 |
| 505 0# - NOTA DE CONTENIDO CON FORMATO |
| Nota de contenido con formato |
El significado de las crisis -- El proceso del duelo -- El duelo al microscopio -- Teorias que sustentan el duelo -- Factores que influencian el duelo -- Diferentes tipos de muerte -- ¿Quién muere? -- La importancia del funeral -- Los hombres y el proceso del duelo -- Los niños y el proceso del duelo -- El enfermo terminal -- Pérdidas intangibles -- Otras pérdidas significativas -- La crisis del divorcio -- El proceso del divorcio: otras investigaciones -- La experiencia de un divorcio --. La ayuda psicológica -- Conclusión --. |
| 590 ## - NOTA LOCAL (RLIN) |
| Nota local |
Inventariado, 2018/LP |
| 650 #0 - PUNTO DE ACCESO ADICIONAL DE MATERIA--TÉRMINO DE MATERIA |
| Término de materia o nombre geográfico como elemento de entrada |
Duelo |
| 9 (RLIN) |
46193 |
| 650 #4 - PUNTO DE ACCESO ADICIONAL DE MATERIA--TÉRMINO DE MATERIA |
| Término de materia o nombre geográfico como elemento de entrada |
Muerte |
| 9 (RLIN) |
11503 |
| 650 #0 - PUNTO DE ACCESO ADICIONAL DE MATERIA--TÉRMINO DE MATERIA |
| Término de materia o nombre geográfico como elemento de entrada |
Pérdida (Psicología) |
| 9 (RLIN) |
46194 |
| 650 #4 - PUNTO DE ACCESO ADICIONAL DE MATERIA--TÉRMINO DE MATERIA |
| Término de materia o nombre geográfico como elemento de entrada |
Divorcio |
| Subdivisión general |
Aspectos psicológicos |
| 9 (RLIN) |
46195 |
| 700 12 - PUNTO DE ACCESO ADICIONAL--NOMBRE DE PERSONA |
| Nombre de persona |
Paredes Vallejo, Pedro Pablo, |
| Término indicativo de función/relación |
pról. |
| 9 (RLIN) |
55773 |
| 910 ## - DATOS DE OPCIÓN DEL USUARIO (OCLC) |
| Datos de opción del usuario |
Validado. Control de calidad MFF |